Zero. 3. část, Vlčí něha /

Hlavní autor: Kot, Aleš, 1986-
Další autoři: Ortiz, Ricardo Lopez, Gorham, Adam, Ponticelli, Alberto, 1969-, Oleksicki, Marek, 1979-, Škába, Filip, 1972-
Jazyk: Čeština
Vydáno: [Praha] : Crew s.r.o., 2016
Vydání: První vydání
Edice: Světové komiksy česky
Témata:
Fyzický popis: 136 nečíslovaných stran : barevné ilustrace ; 26 cm
Knihy
Uloženo v:
LEADER 01863nam a2200493 i 4500
001 nkc20162791684
003 CZ PrNK
005 20260317193037.0
007 ta
008 160505s2016 xr a g 6 000 1 cze
015 |a cnb002791684 
020 |a 978-80-7449-367-6  |q (brožováno) :  |c Kč 369,00 
035 |a (OCoLC)951553164 
040 |a ABA001  |b cze  |e rda 
041 1 |a cze  |h eng 
072 7 |a 741.52  |x Komiksy. Komiksové adaptace  |2 Konspekt  |9 21 
080 |a 741.52(0:82-322.9)  |2 MRF 
100 1 |a Kot, Aleš,  |d 1986-  |7 xx0190936  |4 aut 
245 1 0 |a Zero.  |n 3. část,  |p Vlčí něha /  |c autor Aleš Kot ; kresba Richardo Lopez Ortiz, Adam Gorham, Alberto Ponticelli, Marek Oleksicki ; překlad Filip Škába 
246 3 0 |a Vlčí něha 
246 1 8 |a Zero: Vlčí něha 
250 |a První vydání 
264 1 |a [Praha] :  |b Crew s.r.o.,  |c 2016 
300 |a 136 nečíslovaných stran :  |b barevné ilustrace ;  |c 26 cm 
336 |a text  |b txt  |2 rdacontent 
336 |a statický obraz  |b sti  |2 rdacontent 
337 |a bez média  |b n  |2 rdamedia 
338 |a svazek  |b nc  |2 rdacarrier 
490 1 |a Světové komiksy česky 
500 |a Přeloženo z angličtiny 
500 |a Původně vydáno v sešitové formě jako Zero, číslo 11-14 
655 7 |a superhrdinské komiksy  |7 fd1057488  |2 czenas 
655 9 |a superhero comics  |2 eczenas 
700 1 |a Ortiz, Ricardo Lopez  |7 xx0203261  |4 ill 
700 1 |a Gorham, Adam  |7 kv2016913021  |4 ill 
700 1 |a Ponticelli, Alberto,  |d 1969-  |7 ola364360  |4 ill 
700 1 |a Oleksicki, Marek,  |d 1979-  |7 xx0203126  |4 ill 
700 1 |a Škába, Filip,  |d 1972-  |7 xx0030808  |4 trl 
830 0 |a Světové komiksy česky  |0 s 
910 2 |a BOA001  |b 3-1339.349,3 
990 |a BK 
995 |a 01 
991 |b 201605  |c NOV 
996 6 |b 2610670326  |c 3-1339.349,3  |l MZK  |r Sklad / do 1 hodiny  |n 0  |p p.v.  |w 001561191  |u 000010  |a 1  |e BOA001  |j MZK50  |s P